|
|
|
|
| LEADER |
01240nam a2200253 a 4500 |
| 001 |
1287614 |
| 008 |
091013s1974 bg a b 000 0 eng d |
| 010 |
|
|
|a \\\75900084
|
| 040 |
|
|
|a DLC
|c DLC
|d DLC
|
| 082 |
0 |
0 |
|a 332/.0415/095492
|2 18
|
| 100 |
1 |
|
|a Alamgir, Mohiuddin,
|d 1943-
|
| 245 |
0 |
0 |
|a Saving in Bangladesh, 1959/60-1969/70 /
|c Mohiuddin Alamgir, Atiqur Rahman.
|
| 260 |
|
|
|a Dacca :
|b Bangladesh Institute of Development Studies,
|c 1974.
|
| 300 |
|
|
|a xv, 260 p. ;
|c 22 cm.
|
| 490 |
1 |
|
|a Research monograph - Bangladesh Institute of Development Studies ; no. 2
|
| 504 |
|
|
|a Includes bibliographical references.
|
| 541 |
1 |
|
|e 00000713
|
| 650 |
|
0 |
|a Saving and investment
|z Bangladesh.
|
| 700 |
1 |
|
|a Rahman, Atiqur,
|e joint author.
|
| 830 |
|
0 |
|a Research monograph (Bangladesh Institute of Development Studies) ;
|v no. 2.
|
| 852 |
4 |
|
|a Ayesha Abed Library
|j General shelf
|
| 999 |
|
|
|c 4549
|d 4549
|
| 952 |
|
|
|0 0
|1 0
|2 ddc
|4 0
|6 332_041509549200000_ALA_1974
|7 0
|9 4296
|a BRACUL
|b BRACUL
|c GEN
|d 2009-10-13
|g 20.00
|l 1
|o 332.0415095492 ALA
|p 3010001536
|r 2019-01-21
|s 2019-01-20
|t 1
|w 2009-10-13
|y BK
|
| 952 |
|
|
|0 0
|1 0
|2 ddc
|4 0
|6 332_000000000000000__0415_095492_ALA
|7 0
|9 56129
|a SCL
|b SCL
|c GEN
|d 2015-10-05
|g 30.00
|l 0
|o 332.0415095492 ALA
|p 3020000739
|r 2015-10-05
|t 1
|w 2015-10-05
|y BK
|